Normal view
MARC view
- Mankekar. D.R,
Entry Personal Name
001 - CONTROL NUMBER
- control field: 5575
003 - CONTROL NUMBER IDENTIFIER
- control field: OSt
005 - DATE AND TIME OF LATEST TRANSACTION
- control field: 20231113102608.0
008 - FIXED-LENGTH DATA ELEMENTS
- fixed length control field: 231113|| aca||aabn | a|a d
040 ## - CATALOGING SOURCE
- Original cataloging agency: OSt
- Transcribing agency: OSt
100 ## - HEADING--PERSONAL NAME
- Personal name: Mankekar. D.R,
670 ## - SOURCE DATA FOUND
- Source citation: Work cat.: (OSt)17784: Mankekar. D.R, ., Twenty twoFateful days: Pakistan cut to size / , 1960.
